ENVIRONMENTAL toxicology
Guardado en:
| Autor principal: | |
|---|---|
| Formato: | Libro |
| Lenguaje: | inglés |
| Publicado: |
Discovery Publishing House
2001
|
| Etiquetas: |
Agregar Etiqueta
Sin Etiquetas, Sea el primero en etiquetar este registro!
|
MARC
| LEADER | 00000nam a22000007a 4500 | ||
|---|---|---|---|
| 008 | 210120b ||||| |||| 00| 0 eng d | ||
| 020 | |a : 978-81-7141-350-1 | ||
| 100 | |a /M. Satake | ||
| 245 | |a ENVIRONMENTAL toxicology |c Satake, M. | ||
| 260 | |b Discovery Publishing House |c 2001 |h New Delhi: |i 691600 – Sci., 691601 |l QH545 .AiEn8 | ||
| 942 | |a lcc |c BK |e Mr ogunleye | ||
| 952 | |0 0 |1 0 |2 lcc |4 0 |6 QH0545 .AIEN00008 |7 0 |9 1309 |a HOL |b SL |d 2021-01-20 |l 0 |o QH545 .AiEn8 |p 2021-0122 |r 2021-01-20 00:00:00 |w 2021-01-20 |y BK | ||
| 952 | |0 0 |1 0 |2 lcc |4 0 |6 QH0545 .AIEN00008 |7 0 |9 1310 |a HOL |b HOL |d 2021-01-20 |l 0 |o QH545 .AiEn8 |p 2021-0123 |r 2021-01-20 00:00:00 |w 2021-01-20 |y BK | ||
| 999 | |c 676 |d 676 | ||